[Event "Wch U12"]
[Site "Batumi"]
[Date "2016.10.30"]
[Round "11"]
[White "Mohamed, Saeed Laily"]
[Black "Kevlishvili, Nika"]
[Result "0-1"]
[WhiteElo "1683"]
[BlackElo "1862"]
[PlyCount "64"]
[EventDate "2016.10.19"]
[EventType "swiss"]
[EventRounds "11"]
[EventCountry "GEO"]
[SourceTitle "EXT 2018"]
[Source "ChessBase"]
[SourceDate "2017.10.13"]
[SourceVersion "1"]
[SourceVersionDate "2017.10.13"]
[SourceQuality "1"]

1. d4 Nf6 2. Nf3 c5 3. d5 e6 4. c4 exd5 5. cxd5 d6 6. Nc3 g6 7. e4 Bg7 8. Be2 0-0 9. 0-0 Re8 10. Nd2 Na6 11. f3 Nc7 12. Nc4 b5 13. Ne3 Rb8 14. a3 a5 15. a4 bxa4 16. Nxa4 Nb5 17. Nc4 Nd4 18. Bf4 Ba6 19. Bd3 Nh5 20. Be3 Rb4 21. Na3 Bxd3 22. Qxd3 Rxa4 23. Bd2 Qb8 24. Nc4 Rxa1 25. Rxa1 Nb3 26. Ra3 Nxd2 27. Qxd2 Qb4 28. Qxb4 axb4 29. Ra6 Rd8 30. Nxd6 Bxb2 31. Nb7 Rb8 32. Nxc5 Bd4+ 0-1

[Event "Wch U12"]
[Site "Batumi"]
[Date "2016.10.24"]
[Round "6"]
[White "Kevlishvili, Nika"]
[Black "Leibert, Xander"]
[Result "1-0"]
[WhiteElo "1862"]
[BlackElo "1644"]
[PlyCount "45"]
[EventDate "2016.10.19"]
[EventType "swiss"]
[EventRounds "11"]
[EventCountry "GEO"]
[SourceTitle "EXT 2018"]
[Source "ChessBase"]
[SourceDate "2017.10.13"]
[SourceVersion "1"]
[SourceVersionDate "2017.10.13"]
[SourceQuality "1"]

1. e4 e6 2. d4 d5 3. Nd2 c5 4. exd5 Qxd5 5. Ngf3 cxd4 6. Bc4 Qd6 7. 0-0 Nf6 8. Nb3 Nc6 9. Nbxd4 Nxd4 10. Nxd4 a6 11. c3 Be7 12. Qf3 0-0 13. Rd1 Qc7 14. Bb3 Bd6 15. h3 Qa5 16. Nxe6 Bxe6 17. Rxd6 Bxb3 18. Rxf6 gxf6 19. Bh6 Qh5 20. Qxh5 Kh8 21. Qf5 Rg8 22. Qxf6+ Rg7 23. Qxg7# 1-0

[Event "Wch U12"]
[Site "Batumi"]
[Date "2016.10.22"]
[Round "4"]
[White "Kevlishvili, Nika"]
[Black "Mashalov, Aliniyaz"]
[Result "0-1"]
[WhiteElo "1862"]
[BlackElo "1617"]
[PlyCount "87"]
[EventDate "2016.10.19"]
[EventType "swiss"]
[EventRounds "11"]
[EventCountry "GEO"]
[SourceTitle "EXT 2018"]
[Source "ChessBase"]
[SourceDate "2017.10.13"]
[SourceVersion "1"]
[SourceVersionDate "2017.10.13"]
[SourceQuality "1"]

1. b4 c6 2. Bb2 Qb6 3. a3 a5 4. e3 axb4 5. Bd4 Qc7 6. axb4 Rxa1 7. Bxa1 e5 8. b5 d6 9. Nf3 Nf6 10. Be2 Be7 11. 0-0 Be6 12. c4 cxb5 13. cxb5 0-0 14. Nc3 Nbd7 15. Qb1 d5 16. Ng5 Qa5 17. h3 Nc5 18. Bg4 e4 19. Nxe6 fxe6 20. Be2 e5 21. d4 exd3 22. Bxd3 Nxd3 23. Qxd3 Rd8 24. Bb2 Qb4 25. Rb1 Qc4 26. Qf5 d4 27. exd4 exd4 28. Ne4 Qd5 29. Nxf6+ Bxf6 30. Qd3 Qa2 31. Ba3 Rc8 32. Bd6 Qd5 33. Bg3 Rc3 34. Qe2 h6 35. Ra1 d3 36. Ra8+ Kh7 37. Qe8 d2 38. Qh8+ Kg6 39. Qe8+ Kh7 40. Qh8+ Kg6 41. Qe8+ Kf5 42. Qh5+ g5 43. Qg4+ Kg6 44. Rg8+ 0-1

[Event "Wch U12"]
[Site "Batumi"]
[Date "2016.10.20"]
[Round "2"]
[White "Kevlishvili, Nika"]
[Black "De Borba, Gabriel"]
[Result "0-1"]
[WhiteElo "1862"]
[BlackElo "2054"]
[PlyCount "95"]
[EventDate "2016.10.19"]
[EventType "swiss"]
[EventRounds "11"]
[EventCountry "GEO"]
[SourceTitle "EXT 2018"]
[Source "ChessBase"]
[SourceDate "2017.10.13"]
[SourceVersion "1"]
[SourceVersionDate "2017.10.13"]
[SourceQuality "1"]

1. e4 c5 2. Nc3 e6 3. g3 a6 4. a4 d5 5. exd5 exd5 6. Bg2 Nf6 7. d3 Be6 8. Nge2 d4 9. Ne4 Nxe4 10. Bxe4 Bd5 11. Bxd5 Qxd5 12. 0-0 Be7 13. Nf4 Qd7 14. Qf3 0-0 15. Nd5 Bd8 16. Bf4 Nc6 17. Rab1 Ba5 18. c4 dxc3 19. bxc3 Rad8 20. c4 Nb4 21. Bd2 Qxa4 22. Nf6+ gxf6 23. Bh6 Qd7 24. Qxf6 Qg4 25. Bxf8 Rxf8 26. Rfe1 Qg6 27. Qf3 Qxd3 28. Qf4 Qg6 29. Rbd1 Nd3 30. Rxd3 Bxe1 31. Rd5 f6 32. Qe3 Re8 33. Qb3 Bb4 34. Kg2 Qe4+ 35. f3 Qe2+ 36. Kh3 Qf1+ 37. Kh4 Qe2 38. Rh5 a5 39. Qb1 Qxc4+ 40. Kh3 Qf7 41. g4 a4 42. Rh6 a3 43. g5 a2 44. Qa1 Re1 45. g6 hxg6 46. Rxg6+ Qxg6 47. Qxa2+ Kg7 48. Qd5 0-1

[Event "EU-ch U12 26th"]
[Site "Prague"]
[Date "2016.08.26"]
[Round "8"]
[White "Kevlishvili, Nika"]
[Black "Bochnicka, Vladimir1"]
[Result "0-1"]
[WhiteElo "1788"]
[BlackElo "1953"]
[PlyCount "66"]
[EventDate "2016.08.18"]
[EventType "swiss"]
[EventRounds "9"]
[EventCountry "CZE"]
[SourceTitle "CBM 174 Extra"]
[Source "ChessBase"]
[SourceDate "2016.10.10"]
[SourceVersion "1"]
[SourceVersionDate "2016.10.10"]
[SourceQuality "1"]

1. b4 d5 2. Bb2 Qd6 3. a3 e5 4. Nf3 f6 5. e3 Be6 6. Be2 Nd7 7. 0-0 Nh6 8. d3 Nf7 9. Nbd2 c6 10. c4 Qb8 11. cxd5 cxd5 12. Rc1 Bd6 13. Ne1 0-0 14. e4 f5 15. Qb3 Nf6 16. Bf3 Ng5 17. exf5 Nxf3+ 18. Nexf3 Bxf5 19. Rfe1 Re8 20. Ne4 Bxe4 21. dxe4 Kh8 22. exd5 e4 23. Ng5 Bxh2+ 24. Kh1 Ng4 25. Rc2 Qf4 26. Nh3 Qh6 27. Bc1 Qh5 28. Bb2 Qh4 29. Bd4 Bf4 30. Qc3 Qh6 31. Kg1 e3 32. Bxe3 Bxe3 33. fxe3 Rac8 0-1

[Event "EU-ch U12 26th"]
[Site "Prague"]
[Date "2016.08.20"]
[Round "3"]
[White "Dardha, Daniel"]
[Black "Kevlishvili, Nika"]
[Result "0-1"]
[WhiteElo "2095"]
[BlackElo "1788"]
[PlyCount "72"]
[EventDate "2016.08.18"]
[EventType "swiss"]
[EventRounds "9"]
[EventCountry "CZE"]
[SourceTitle "CBM 174 Extra"]
[Source "ChessBase"]
[SourceDate "2016.10.10"]
[SourceVersion "1"]
[SourceVersionDate "2016.10.10"]
[SourceQuality "1"]

1. e4 c5 2. Nf3 Nc6 3. d4 cxd4 4. Nxd4 e5 5. Nb5 d6 6. N1c3 a6 7. Na3 b5 8. Nd5 Nf6 9. Bg5 Be7 10. Bxf6 Bxf6 11. c4 b4 12. Nc2 a5 13. b3 0-0 14. g3 Be6 15. Bg2 Bxd5 16. cxd5 Na7 17. 0-0 Bg5 18. f4 exf4 19. gxf4 Bf6 20. Rc1 Nb5 21. Qh5 Rc8 22. Qe2 Nc3 23. Qd3 Nxa2 24. Rce1 Rc3 25. Qd2 Rxb3 26. e5 dxe5 27. fxe5 Bg5 28. Qe2 Rb2 29. e6 b3 30. exf7+ Kh8 31. Qh5 bxc2 32. Re8 Qd6 33. Be4 Bh6 34. Qf5 g6 35. Qe6 Qc5+ 36. Kh1 c1Q 0-1

[Event "EU-ch U10 24th"]
[Site "Batumi"]
[Date "2014.10.23"]
[Round "5"]
[White "Kevlishvili, Nika"]
[Black "Ochedzan, Tymon"]
[Result "1-0"]
[WhiteElo "1657"]
[BlackElo "1439"]
[PlyCount "73"]
[EventDate "2014.10.19"]
[EventType "swiss"]
[EventRounds "9"]
[EventCountry "GEO"]
[SourceTitle "EXT 2016"]
[Source "ChessBase"]
[SourceDate "2015.10.08"]
[SourceVersion "1"]
[SourceVersionDate "2015.10.08"]
[SourceQuality "1"]

1. e4 c5 2. Nf3 e6 3. d4 cxd4 4. Nxd4 a6 5. c4 Nf6 6. Nc3 Qc7 7. Be3 Bb4 8. Bd3 0-0 9. 0-0 Be7 10. h3 b6 11. f4 d6 12. Qc2 Bb7 13. Qf2 Nbd7 14. Nb3 Rac8 15. Rac1 Rfd8 16. Rfd1 Nc5 17. Nxc5 bxc5 18. b3 Bc6 19. Bb1 Qb7 20. Qc2 e5 21. f5 Ra8 22. Nd5 Bxd5 23. exd5 a5 24. g4 g6 25. g5 Nd7 26. h4 Rdc8 27. h5 Nf8 28. hxg6 fxg6 29. Qh2 Bd8 30. Rf1 a4 31. fxg6 hxg6 32. Rxf8+ Kxf8 33. Qh8+ Kf7 34. Rf1+ Bf6 35. Rxf6+ Ke7 36. Qg7+ Ke8 37. Rf8# 1-0